[Event "Titled Tuesday intern op 10th Jan Late"]
[Site "Chess.com INT"]
[Date "2023.01.10"]
[Round "5"]
[White "Jimenez Almeida, Luis David"]
[Black "Baskin, Robert"]
[Result "1/2-1/2"]
[WhiteElo "2241"]
[BlackElo "2432"]
[PlyCount "163"]
[EventDate "2023.01.10"]
[EventType "swiss (blitz)"]
[EventRounds "11"]
[EventCountry "USA"]
[SourceTitle "EXT 2024"]
[Source "ChessBase"]
[SourceDate "2023.10.10"]
[SourceVersion "1"]
[SourceVersionDate "2023.10.10"]
[SourceQuality "1"]

1. e4 Nc6 2. d4 d6 3. Nc3 Nf6 4. Nf3 g6 5. Bc4 Bg7 6. d5 Nb8 7. h3 0-0 8. Be3 c6 9. a4 a5 10. Qd2 Na6 11. 0-0 Nb4 12. Rfe1 Bd7 13. Bb3 Rc8 14. Rad1 Re8 15. dxc6 bxc6 16. e5 Nfd5 17. Nxd5 Nxd5 18. exd6 e5 19. Bc5 Qf6 20. Qg5 e4 21. Qxf6 Bxf6 22. Nd4 Re5 23. Ba3 c5 24. Bxd5 Rxd5 25. Nb5 Rxd1 26. Rxd1 Rb8 27. Bxc5 Bxb2 28. c3 f5 29. Rb1 Bxc3 30. Nxc3 Rxb1+ 31. Nxb1 Bxa4 32. Bb6 Bd7 33. Bxa5 Kf7 34. Nc3 Ke6 35. Bb4 Ke5 36. Bc5 f4 37. Kf1 g5 38. Ke1 h5 39. Kd2 h4 40. Bb6 g4 41. hxg4 f3 42. gxf3 exf3 43. Bd8 h3 44. Bh4 Kxd6 45. Bg3+ Kc5 46. g5 Kc4 47. Ne4 Kd4 48. Nf6 Bf5 49. Ke1 Bd3 50. Ng4 Kd5 51. Nh2 Be4 52. Kd2 Ke6 53. Ke3 Kf5 54. Nxf3 Bb7 55. Bf4 Bd5 56. Nh2 Bb7 57. Nf3 Bd5 58. Nh4+ Kg4 59. Bg3 h2 60. Bxh2 Kxh4 61. f4 Kg4 62. Bg1 Kf5 63. Bf2 Bf7 64. Be1 Bg6 65. Bd2 Bf7 66. Kd4 Bg6 67. Kd5 Bh5 68. Kd6 Bg6 69. Ke7 Bh5 70. Kf8 Bg6 71. Kg7 Bh5 72. Kh6 Be8 73. Be3 Bg6 74. Bd4 Be8 75. Be5 Bg6 76. Kg7 Be8 77. Kf8 Bh5 78. Ke7 Bg6 79. Kd6 Bh5 80. Ke7 Bg6 81. Kd6 Bh5 82. Ke7 1/2-1/2

[Event "Titled Tuesday intern op 10th Jan Late"]
[Site "Chess.com INT"]
[Date "2023.01.10"]
[Round "11"]
[White "Przybylski, Wojciech"]
[Black "Baskin, Robert"]
[Result "0-1"]
[WhiteElo "2321"]
[BlackElo "2432"]
[PlyCount "156"]
[EventDate "2023.01.10"]
[EventType "swiss (blitz)"]
[EventRounds "11"]
[EventCountry "USA"]
[SourceTitle "EXT 2024"]
[Source "ChessBase"]
[SourceDate "2023.10.10"]
[SourceVersion "1"]
[SourceVersionDate "2023.10.10"]
[SourceQuality "1"]

1. d4 d6 2. e4 Nc6 3. Nf3 Nf6 4. Nc3 g6 5. h3 Bg7 6. Be3 0-0 7. d5 Nb8 8. Be2 e5 9. 0-0 a5 10. a3 Bd7 11. Nd2 Na6 12. Re1 h6 13. Nf1 Nh7 14. Qd2 h5 15. f4 exf4 16. Bxf4 Re8 17. Nh2 Nc5 18. Bd3 b5 19. Nf3 b4 20. Nd1 Nf6 21. Nf2 Rb8 22. Bg5 Qc8 23. axb4 axb4 24. Rab1 b3 25. c3 Nxd3 26. Qxd3 Qb7 27. Nd4 Bb5 28. c4 Bd7 29. Rbd1 Ba4 30. Bd2 Nd7 31. Bc3 Nc5 32. Qf3 Bd7 33. Nd3 Na4 34. Rf1 Rf8 35. Nf4 Nxc3 36. Qxc3 Qa7 37. Nfe2 Rfe8 38. Qf3 Re7 39. Kh2 Rbe8 40. Rd3 Qc5 41. Nxb3 Qxc4 42. Nd2 Qb4 43. Nc3 Qxb2 44. Nc4 Qb4 45. Nd2 Bb5 46. Rb1 Bxc3 47. Rxb4 Bxb4 48. Rb3 Bxd2 49. Rxb5 Bh6 50. Rb4 Bg7 51. Rc4 Be5+ 52. Kg1 h4 53. Kf2 Bg3+ 54. Ke2 f5 55. Kd2 Rxe4 56. Rxe4 Rxe4 57. Qc3 Re7 58. Qc4 Kf7 59. Qb5 Kf6 60. Qc6 Ke5 61. Qa8 Kf4 62. Kd3 g5 63. Qf8 Re3+ 64. Kd2 Re5 65. Qf7 Bf2 66. Kd3 Bb6 67. Kc4 Kg3 68. Qf6 g4 69. hxg4 fxg4 70. Qf1 Re4+ 71. Kd3 Rf4 72. Qe1+ Kxg2 73. Qxh4 Rf3+ 74. Ke4 g3 75. Qg4 Re3+ 76. Kf4 Kf2 77. Qh4 Rf3+ 78. Kg4 Be3 0-1

[Event "Dublin Irish New Year GM"]
[Site "Dublin"]
[Date "2023.01.08"]
[Round "8"]
[White "Baskin, Robert"]
[Black "Kopylov, Daniel"]
[Result "0-1"]
[WhiteElo "2423"]
[BlackElo "2336"]
[PlyCount "90"]
[EventDate "2023.01.04"]
[EventType "tourn"]
[EventRounds "9"]
[EventCountry "IRL"]
[EventCategory "6"]
[SourceTitle "CBM 212 Extra"]
[Source "ChessBase"]
[SourceDate "2023.03.31"]
[SourceVersion "1"]
[SourceVersionDate "2023.03.31"]
[SourceQuality "1"]

1. e4 e5 2. Nf3 Nf6 3. d4 Nxe4 4. Bd3 d5 5. Nxe5 Nd7 6. Nc3 Nxe5 7. dxe5 Nxc3 8. bxc3 Be7 9. 0-0 0-0 10. f4 f5 11. Be3 Be6 12. a4 a5 13. Rb1 b6 14. Bb5 c5 15. Rf2 Qc7 16. Rd2 Rad8 17. Be2 g5 18. Qf1 g4 19. Bf2 h5 20. Qe1 Rb8 21. Rbd1 Rfd8 22. Bh4 c4 23. Rb1 Bc5+ 24. Kh1 Rd7 25. Bg5 h4 26. Bxh4 Be3 27. Rd4 Bxd4 28. cxd4 Rh7 29. Bf6 Bd7 30. Ra1 Kf7 31. Qg3 b5 32. axb5 Rxb5 33. Qa3 Be6 34. Kg1 Qb6 35. c3 Kg8 36. Qa4 Rb7 37. Kf2 Kf7 38. Rc1 Rb3 39. Rc2 Rxc3 40. Rxc3 Qxd4+ 41. Re3 Rb3 42. Kg3 Qxe3+ 43. Kh4 Qxf4 44. Kh5 Qxh2+ 45. Kg5 Rb8 0-1